00315nam a2200121Ia 4500008004100000020002200041041000800063082002100071100001700092245004100109260003400150300000900184230411s9999 xx 000 0 und d a978-93-87791-17-6 aeng aX/200/HIN/B08933 aN Ravi Kumar aThe Hindu Speaks on Religious Values bTHG PublishingaChennaic2018 a747p